000 00475nam a2200157 4500
999 _c5389
_d5389
008 161024b xxu||||| |||| 00| 0 eng d
022 _a9770118389007
082 _aDPer 641.05 F73 Mar-Nov 2012
100 _916642
_aParedes, Erica
245 _aA marinade made from scratch/
_cErica Paredes.
260 _aQuezon City:
_bABS CBN Publishing, Inc.,
_c©2012.
300 _apage 85;
_c30 cm.
500 _aFood.
650 0 _916643
_aFood
_xMarinade
942 _2ddc
_cPER